| 000 | 01304cam a22003377a 4500 | ||
|---|---|---|---|
| 003 | CHAP | ||
| 005 | 20220329142838.0 | ||
| 008 | 040813d2003 mx ab r 00110 spa d | ||
| 010 | _a88644 | ||
| 011 | _a89616 | ||
| 035 | _a100167 | ||
| 040 | _cCHAP | ||
| 090 | _aTesis | ||
| 100 | 0 | 0 |
_aLópez Yáñez, Bernardo Alberto. _968434 |
| 245 | 1 | 4 |
_aUna aproximación al conocimiento de los burros (Equus asinus), en México : _bestudio de caso en tres comunidades del municipio de Paso de Ovejas, Veracruz, México _c/por Bernardo Alberto López Yáñez |
| 260 |
_aVeracruz, Méx. : _bEl autor, _c2003. |
||
| 300 |
_a156 h. ; _bilus. ; gráfs, ; mapa. |
||
| 502 | _aTesis (Dr. en Ciencias) --CP. Campus Veracruz Programa en Agroecosistémas Tropicales | ||
| 590 |
_aALEPH _b10 _c20130110 _lUCH01 _h1500 |
||
| 590 |
_aBATCH-UPD _b10 _c20130110 _lUCH01 _h0814 |
||
| 590 |
_aBATCH-UPD _b10 _c20130410 _lUCH01 _h0451 |
||
| 590 |
_aBATCH-UPD _b10 _c20130914 _lUCH01 _h2135 |
||
| 590 |
_aCONVERSION _b10 _c20130109 _lUCH01 _h1349 |
||
| 650 | 1 | 4 |
_aAnimales domesticos _xAnatomia y fisiologia _xNomenclatura. _95893 |
| 650 | 1 | 4 |
_aAsnos y mulas. _97971 |
| 650 | 1 | 4 |
_aEquus asinus. _937266 |
| 901 | _aBK | ||
| 905 | _aMayto Villalobos Santana | ||
| 942 | _cTESIS | ||
| 949 |
_aTesis _bBC _cTES _d100167 _eTS1 _h42361 _i100167 _sb |
||
| 999 |
_c88644 _d88644 |
||